| 000 | 00988am a2200337a 44500 | ||
|---|---|---|---|
| 003 | AR-BaBNM | ||
| 005 | 20251128203912.0 | ||
| 008 | 096119s1973 #AR|||||||||||000 | esp|| | ||
| 040 | _cAR-BaBNM | ||
| 100 | 1 | _aDottrens, Robert | |
| 245 | 1 | 0 | _aDidáctica para la escuela primaria |
| 250 | _a3ª ed. | ||
| 260 |
_aBuenos Aires _bEudeba _bUnesco _c1973 |
||
| 300 |
_axxiv, 416 p. _bil. |
||
| 490 | 0 | _aLa escuela en el tiempo | |
| 504 | _aBibliografía p. 415 | ||
| 650 | 4 | _aDIDACTICA | |
| 650 | 4 | _aDESARROLLO DEL NIÑO | |
| 650 | 4 | _aENSEÑANZA DE LA LENGUA MATERNA | |
| 650 | 4 | _aENSEÑANZA DE LA ESCRITURA | |
| 650 | 4 | _aENSEÑANZA DE LAS MATEMATICAS | |
| 650 | 4 | _aEDUCACION FISICA | |
| 650 | 4 | _aEDUCACION ARTISTICA | |
| 653 | _aPROCESO DE ENSEÑANZA-APRENDIZAJE | ||
| 700 | 1 |
_aMaillo, Adolfo _ecolaborador |
|
| 700 | 1 |
_aMialaret, Gastón _ecolaborador |
|
| 700 | 1 |
_aRay, Michael _ecolaborador |
|
| 700 | 1 |
_aRast, Edmond _ecolaborador |
|
| 942 | _cBK | ||
| 998 | _cCARMEN | ||
| 999 |
_c5401 _d5401 |
||